000 00251nam a2200097Ia 4500
008 240331s9999 xx 000 0 und d
082 _bWOM
100 _aTambiah,Y. ed
245 0 _aWomen and governance in south Asia :
_bre-imagining the state
942 _cL
999 _c3490
_d3490